[Event "Kostroma Volga Cup op"]
[Site "Kostroma"]
[Date "2009.07.??"]
[Round "7"]
[White "Mitinev, Alexey"]
[Black "Kovalev, Evgeny I"]
[Result "1-0"]
[WhiteElo "2053"]
[BlackElo "1846"]
[PlyCount "66"]
[EventDate "2009.07.03"]
[EventType "swiss"]
[EventRounds "9"]
[EventCountry "RUS"]
[SourceTitle "EXT 2021"]
[Source "ChessBase"]
[SourceDate "2020.10.23"]
[SourceVersion "1"]
[SourceVersionDate "2020.10.23"]
[SourceQuality "1"]

1. e4 c5 2. Nf3 d6 3. d4 cxd4 4. Nxd4 Nf6 5. Nc3 a6 6. f3 e5 7. Nb3 Be6 8. Be3 Be7 9. Qd2 0-0 10. 0-0-0 Nbd7 11. g4 b5 12. Bd3 b4 13. Ne2 a5 14. Kb1 Nc5 15. Ng3 a4 16. Nc1 Qa5 17. Nf5 Bxf5 18. gxf5 Rfd8 19. Rhg1 Kh8 20. Qg2 Ne8 21. Bc4 f6 22. h4 Rdc8 23. Bd5 Ra6 24. h5 b3 25. cxb3 Nxb3 26. Nxb3 axb3 27. Bxb3 Rb8 28. Qc2 Bf8 29. Qc4 d5 30. Rxd5 Qb4 31. Qxa6 Nc7 32. Qd3 Nxd5 33. Qxd5 Bd6 1-0

[Event "Kostroma Volga Cup op"]
[Site "Kostroma"]
[Date "2009.07.??"]
[Round "2"]
[White "Mitinev, Alexey"]
[Black "Mishin, Alexei"]
[Result "0-1"]
[WhiteElo "2053"]
[BlackElo "2323"]
[PlyCount "146"]
[EventDate "2009.07.03"]
[EventType "swiss"]
[EventRounds "9"]
[EventCountry "RUS"]
[SourceTitle "EXT 2021"]
[Source "ChessBase"]
[SourceDate "2020.10.23"]
[SourceVersion "1"]
[SourceVersionDate "2020.10.23"]
[SourceQuality "1"]

1. e4 c5 2. Nf3 e6 3. d4 cxd4 4. Nxd4 a6 5. Bd3 Nf6 6. 0-0 Qc7 7. Qe2 Bd6 8. h3 Bh2+ 9. Kh1 Bf4 10. Bxf4 Qxf4 11. c3 h5 12. Qf3 Qc7 13. Kg1 Nc6 14. Nxc6 dxc6 15. Nd2 e5 16. Qg3 Kf8 17. Nc4 Nd7 18. f4 b5 19. Nxe5 Nxe5 20. fxe5 Be6 21. Bc2 Re8 22. Bb3 Rh6 23. Rad1 Bxb3 24. axb3 Qxe5 25. Qxe5 Rxe5 26. Rd7 Re7 27. Rd8+ Re8 28. Rd7 Re7 29. Rd8+ Re8 30. Rd7 f6 31. Ra7 Rxe4 32. Rxa6 Re6 33. c4 Rg6 34. cxb5 Re2 35. Rf2 Re1+ 36. Rf1 Rxf1+ 37. Kxf1 cxb5 38. Rb6 Rg5 39. Rb7 h4 40. Kf2 Kg8 41. Rc7 Kh7 42. b4 Kg6 43. Rc5 Re5 44. Kf3 Kf5 45. Rc7 g6 46. Rc6 Rd5 47. Ke3 Ke5 48. b3 g5 49. Rb6 f5 50. Rc6 f4+ 51. Kf3 Rd3+ 52. Ke2 Rxb3 53. Rc5+ Ke4 54. Rxb5 Rb2+ 55. Kf1 g4 56. hxg4 h3 57. gxh3 Kf3 58. Ke1 Kg3 59. g5 f3 60. Rf5 f2+ 61. Kf1 Rb1+ 62. Ke2 Re1+ 63. Kd3 f1Q+ 64. Rxf1 Rxf1 65. Kc4 Kf4 66. h4 Ke5 67. Kc5 Rc1+ 68. Kb6 Kd6 69. g6 Rh1 70. b5 Rxh4 71. Ka7 Ra4+ 72. Kb7 Kc5 73. b6 Rb4 0-1